000 00635naa a2200217 i 4500
001 16792
003 ES-MaBCM
005 20241016093721.0
008 911210s1991 nld 000 0 eng d
021 _axx
035 _a(OCoLC)1365215938
040 _cES-MaBCM
041 0 _aeng
043 _anld
100 1 _aDunnet, D. R. R.
_913576
245 1 4 _aThe European Bank for Reconstruction and Development
_b: a legal survey
_cD. R. R. Dunnet
650 2 7 _aBanco de desarrollo
_957701
651 2 4 _aEuropa
_9115402
773 0 _aEn:
_tCommon market law review
_dDordrecht : 1991
_w104617
_gnº 3, otoño ; p. 571-597
942 _cAREV
999 _c16792
_d16792